000 00617nam a2200229Ia 4500
003 OSt
005 20220924132638.0
006 a|||||r|||| 00| 0
007 ta
008 220923b |||||||| |||| 00| 0 san d
024 _a75495
037 _cTextual
040 _aARTS
_cARTS
_bsan
041 _2san
_asan
082 _aR66xJ40:1, 15H5
100 _aNarasimhasrama
_982539
245 0 _aAdvaitdipika with "Advaitdipikavivarna" comm by Narayan
260 _c1945
650 _aADVAITA PHILOSOPHY
_9790
942 _hR66xJ40:1, 15H5
_cTEXL
_2CC
999 _c430984
_d430984